Countries that are Islands - Statistics

General Stats
  • This quiz has been taken 671 times
  • The average score is 23 of 39
Answer Stats
Answer % Correct
Cuba
81%
New Zealand
81%
Australia
78%
Madagascar
77%
Dominica
75%
Japan
75%
Ireland
74%
Iceland
73%
Indonesia
73%
Haiti
72%
Jamaica
72%
Malta
71%
Sri Lanka
70%
Fiji
69%
Seychelles
67%
Bahamas
66%
Cyprus
66%
Tonga
65%
Barbados
64%
Taiwan
64%
Maldives
62%
Samoa
62%
Tuvalu
62%
Kiribati
60%
Palau
59%
Vanuatu
56%
Grenada
55%
Mauritius
55%
Singapore
55%
Papua New Guinea
44%
Trinidad and Tobago
43%
Bahrain
42%
Saint Lucia
39%
Antigua and Barbuda
36%
Saint Kitts and Nevis
31%
Nauru
28%
Sao Tome and Principe
28%
Saint Vincent and the Grenadines
26%
Philipines
15%
No matching quizzes found
Score Distribution
Percent of People with Each Score
Percentile by Number Answered
Your Score History
You have not taken this quiz